000 00781nam a2200265Ia 4500
001 20132
003 DO-CoUTE
005 20260204212635.0
008 220104s9999 dr 000 0 spa d
020 _a978-9945-582-04-8
040 _aDO-CoUTE
_bspa
_cDO-CoUTE
041 0 _aspa
082 _aRD 863.5 V422e
100 1 _aVega, Máximo
245 1 0 _aEra lunes ayer / Máximo Vega
260 _aSanto Domingo, República Dominicana: Banco Central
300 _a192 páginas
490 _aArte y Literatura
500 _aColección del Banco Central de la República Dominicana
650 4 _aCuentos Dominicanos
710 _aBanco Central de la República Dominicana
942 _2ddc
_cBK
999 _c21589
_d21589